[Event "Watson Farley Williams Challenge"]
[Site "London"]
[Date "1990.05.02"]
[Round "12"]
[White "Levitt, Jonathan P"]
[Black "Watson, William Nicholas"]
[Result "1-0"]
[WhiteElo "2465"]
[BlackElo "2470"]
[PlyCount "81"]
[EventDate "1990.04.18"]
[EventType "tourn"]
[EventRounds "13"]
[EventCountry "ENG"]
[EventCategory "11"]
[SourceTitle "BritBase"]
[Source "John Saunders"]
[SourceDate "2023.06.27"]
[SourceVersion "1"]
[SourceVersionDate "2023.06.27"]
[SourceQuality "1"]

1. d4 Nf6 2. c4 g6 3. Nc3 Bg7 4. e4 d6 5. f3 O-O 6. Be3 c5 7. dxc5 dxc5 8. Qxd8
Rxd8 9. Bxc5 Nc6 10. Nd5 Nd7 11. Bxe7 Nxe7 12. Nxe7+ Kf8 13. Nd5 Bxb2 14. Rb1
Bg7 15. g4 b6 16. g5 Bb7 17. h4 Rac8 18. f4 Nc5 19. e5 Bxd5 20. cxd5 Rxd5 21.
Rh2 Rd4 22. Nh3 Rcd8 23. Be2 Ke7 24. Rd1 Nd3+ 25. Bxd3 Rxd3 26. Rxd3 Rxd3 27.
Ng1 Bf8 28. Rc2 Kd7 29. Ke2 Ra3 30. Nf3 Bc5 31. Nd2 Re3+ 32. Kd1 Ke6 33. Nb3
Rf3 34. Rc4 Kd5 35. Ra4 a5 36. Nxc5 Kxc5 37. Ke2 Rc3 38. Kd2 Rc4 39. Rxc4+ Kxc4
40. f5 gxf5 41. e6 1-0

[Event "Watson Farley Williams Challenge"]
[Site "London"]
[Date "1990.05.03"]
[Round "13"]
[White "Flear, Glenn C"]
[Black "Chandler, Murray G"]
[Result "1/2-1/2"]
[WhiteElo "2470"]
[BlackElo "2585"]
[PlyCount "99"]
[EventDate "1990.04.18"]
[EventType "tourn"]
[EventRounds "13"]
[EventCountry "ENG"]
[EventCategory "11"]
[SourceTitle "BritBase"]
[Source "John Saunders"]
[SourceDate "2023.06.27"]
[SourceVersion "1"]
[SourceVersionDate "2023.06.27"]
[SourceQuality "1"]

1. d4 Nf6 2. c4 e6 3. Nc3 Bb4 4. Qc2 O-O 5. a3 Bxc3+ 6. Qxc3 b6 7. Bg5 Bb7 8.
Nh3 h6 9. Bh4 g5 10. Bg3 Ne4 11. Qc2 f5 12. f3 Nxg3 13. hxg3 Qf6 14. O-O-O Nc6
15. e3 a6 16. Nf2 d5 17. Rh5 Kg7 18. Be2 Rac8 19. Rdh1 Rh8 20. f4 dxc4 21. Ng4
fxg4 22. fxg5 Qg6 23. gxh6+ Kh7 24. Bxc4 Qxc2+ 25. Kxc2 Rhe8 26. Rg5 Rg8 27.
Bd3+ Kh8 28. Rxg8+ Rxg8 29. Rf1 Ne7 30. Rf7 Nf5 31. Kd2 Bxg2 32. Rxc7 Rg5 33.
Rc8+ Kh7 34. Re8 Kxh6 35. Rxe6+ Kg7 36. e4 Nxg3 37. Ke3 Nxe4 38. Kf4 Rg6 39.
Rxg6+ Kxg6 40. Bxe4+ Bxe4 41. Kxe4 Kf6 42. Kf4 Ke6 43. Kxg4 Kd5 44. Kf3 Kxd4
45. Ke2 Kc4 46. Kd2 Kb3 47. Kc1 Ka2 48. Kc2 b5 49. a4 bxa4 50. Kc1 1/2-1/2

[Event "Watson Farley Williams Challenge"]
[Site "London"]
[Date "1990.05.03"]
[Round "13"]
[White "King, Daniel John"]
[Black "Levitt, Jonathan P"]
[Result "1-0"]
[WhiteElo "2515"]
[BlackElo "2465"]
[PlyCount "67"]
[EventDate "1990.04.18"]
[EventType "tourn"]
[EventRounds "13"]
[EventCountry "ENG"]
[EventCategory "11"]
[SourceTitle "BritBase"]
[Source "John Saunders"]
[SourceDate "2023.06.27"]
[SourceVersion "1"]
[SourceVersionDate "2023.06.27"]
[SourceQuality "1"]

1. e4 e6 2. d4 d5 3. Nc3 Bb4 4. e5 c5 5. a3 Bxc3+ 6. bxc3 Ne7 7. Nf3 Bd7 8. a4
Qa5 9. Bd2 Nbc6 10. Bb5 c4 11. O-O O-O 12. h4 f6 13. Re1 f5 14. Ng5 h6 15. Nh3
Kh7 16. g3 Qd8 17. Bc1 Qe8 18. h5 Qf7 19. Nf4 Rfd8 20. Ba3 Nb8 21. Qb1 Bc8 22.
a5 g5 23. hxg6+ Nxg6 24. Bc1 Nxf4 25. Bxf4 Bd7 26. Kg2 Rh8 27. Rh1 Kg6 28. Bxd7
Qxd7 29. Bxh6 Rxh6 30. Rxh6+ Kxh6 31. Qh1+ Kg6 32. Qh4 Qg7 33. Rh1 Kf7 34. Qd8
1-0

[Event "Watson Farley Williams Challenge"]
[Site "London"]
[Date "1990.05.03"]
[Round "13"]
[White "Motwani, Paul"]
[Black "Larsen, Bent"]
[Result "1/2-1/2"]
[WhiteElo "2470"]
[BlackElo "2550"]
[PlyCount "83"]
[EventDate "1990.04.18"]
[EventType "tourn"]
[EventRounds "13"]
[EventCountry "ENG"]
[EventCategory "11"]
[SourceTitle "BritBase"]
[Source "John Saunders"]
[SourceDate "2023.06.27"]
[SourceVersion "1"]
[SourceVersionDate "2023.06.27"]
[SourceQuality "1"]

1. e4 c5 2. Nf3 Nc6 3. Bb5 e6 4. O-O Nge7 5. Nc3 Nd4 6. Nxd4 cxd4 7. Ne2 Nc6 8.
c3 dxc3 9. bxc3 Be7 10. d4 a6 11. Bd3 d6 12. f4 Bd7 13. f5 e5 14. d5 Na5 15.
Ng3 Qc7 16. Rb1 b5 17. Nh5 Rg8 18. Qf3 f6 19. Be2 Nc4 20. Qg3 Kf7 21. Qh4 Raf8
22. Ng3 Rh8 23. Bh5+ Kg8 24. Rf3 g5 25. Qg4 Qa5 26. h4 h6 27. Rf2 Qxc3 28. Bg6
Bd8 29. Kh2 Bb6 30. Rf3 Qc2 31. Nh5 Qxb1 32. hxg5 hxg5 33. Bxg5 Qg1+ 34. Kg3
Qe1+ 35. Kh2 Bg1+ 36. Kh3 Be3 37. Bxe3 Nxe3 38. Bh7+ Kf7 39. Qg7+ Ke8 40. Nxf6+
Rxf6 41. Qxh8+ Ke7 42. Qg7+ 1/2-1/2

[Event "Watson Farley Williams Challenge"]
[Site "London"]
[Date "1990.05.03"]
[Round "13"]
[White "Tisdall, Jonathan D"]
[Black "Kosten, Anthony C"]
[Result "1/2-1/2"]
[WhiteElo "2480"]
[BlackElo "2485"]
[PlyCount "32"]
[EventDate "1990.04.18"]
[EventType "tourn"]
[EventRounds "13"]
[EventCountry "ENG"]
[EventCategory "11"]
[SourceTitle "BritBase"]
[Source "John Saunders"]
[SourceDate "2023.06.27"]
[SourceVersion "1"]
[SourceVersionDate "2023.06.27"]
[SourceQuality "1"]

1. d4 Nf6 2. c4 e6 3. Nc3 Bb4 4. Qc2 O-O 5. a3 Bxc3+ 6. Qxc3 b6 7. Bg5 Bb7 8.
Nh3 h6 9. Bh4 d5 10. cxd5 exd5 11. f3 Re8 12. e3 Qe7 13. Bf2 c5 14. Bb5 Bc6 15.
Bxc6 Nxc6 16. O-O Rac8 1/2-1/2

[Event "Watson Farley Williams Challenge"]
[Site "London"]
[Date "1990.05.03"]
[Round "13"]
[White "Watson, William Nicholas"]
[Black "Hebden, Mark L"]
[Result "1-0"]
[WhiteElo "2470"]
[BlackElo "2530"]
[PlyCount "107"]
[EventDate "1990.04.18"]
[EventType "tourn"]
[EventRounds "13"]
[EventCountry "ENG"]
[EventCategory "11"]
[SourceTitle "BritBase"]
[Source "John Saunders"]
[SourceDate "2023.06.27"]
[SourceVersion "1"]
[SourceVersionDate "2023.06.27"]
[SourceQuality "1"]

1. e4 e5 2. Nf3 Nc6 3. Bb5 a6 4. Ba4 Nf6 5. O-O Be7 6. Re1 b5 7. Bb3 O-O 8. d4
d6 9. c3 Bg4 10. d5 Na5 11. Bc2 c6 12. h3 Bc8 13. dxc6 Qc7 14. Nbd2 Qxc6 15. a4
Be6 16. Ng5 Bd7 17. Nf1 h6 18. Nf3 Be6 19. Nh4 Rfc8 20. Ne3 Bf8 21. Nhf5 Qd7
22. Qf3 Qd8 23. Nd5 Nxd5 24. exd5 Bxf5 25. Bxf5 Rc7 26. axb5 axb5 27. Bd3 Nc4
28. Rxa8 Qxa8 29. h4 Qa2 30. h5 Be7 31. Qf5 Kf8 32. Qh7 Bf6 33. Qh8+ Ke7 34.
Qb8 Qa5 35. b3 Qb6 36. Qa8 Qa5 37. Qb8 Qb6 38. Qg8 Na5 39. Be3 Qb7 40. Ra1 Rc8
41. Qh7 Ra8 42. Bc2 Ra6 43. Qe4 Ra8 44. Ra2 Qc8 45. Qb4 Nb7 46. Bf5 Qxf5 47.
Rxa8 Qd3 48. Qg4 Qxd5 49. Bb6 Bg5 50. Rc8 Kf6 51. Qf3+ Qxf3 52. gxf3 Bd2 53. b4
d5 54. Rc6+ 1-0